Responses for Show #4684 - Thursday, January 6, 2005

Kerry Breitenbach game 5.

Contestants

[<< previous game]

Nick Hoffmann, a graduate student from Pittsburgh, Pennsylvania

Alli Hammond, a college instructor from Cincinnati, Ohio

Kerry Breitenbach, a marketing analyst from South Euclid, Ohio (whose 4-day cash winnings total $81,700)

[next game >>]

Jeopardy! Round responses

THE CIVIL WAR
'90s MUSIC
NATIONAL HISTORIC SITES
NOW THAT'S INVENTIVE!
TRUCKIN'
EDIBLE RHYME TIME
    $200 8
(the first Battle of) Bull Run

Nick
    $200 6
(Alli: Who is Biggie Small?)

Biggie Smalls

Alli
Triple Stumper
    $200 14
(Alli: What is the Appalachian Trail?)

the Oregon Trail

AlliNick
    $200 7
Singer

Nick
    $200 18
Dodge

Nick
    $200 1
moth broth

Kerry
    $400 9
a leg

Kerry
    $400 22
waterfalls

Nick
    $400 15
Springfield

Nick
    $400 10
crosshairs

Triple Stumper
    $400 20
Chevrolet

Nick
    $400 2
(Nick: What is margarine chagrin?)

butter mutter

KerryNick
    $600 16
balloons

Nick
    $600 28
Michael & Janet Jackson

Kerry
    $600 23
King Kamehameha

Nick
    $1,000 11
(Alex: All right, you're the only one with money. You have not made any of these Daily Doubles a True Daily Double, in risking everything.)
(Kerry: And I'm not going to start now.)
(Alex: Oh, okay.)
(Kerry: $1000.)
(Alex: You're consistent.)

a transistor

Kerry
    $600 21
Ford

Alli
    $600 3
a rookie cookie

Kerry
    $800 17
the Army of the Potomac

Kerry
    $800 29
Missy "Misdemeanor" Elliott

Triple Stumper
    $800 24
Topeka, Kansas

Nick
    $800 12
Jethro Tull

Kerry
    $800 26
(Nick: What is GMC?)

Toyota

KerryNick
    $800 4
a lime mime

Kerry
    $1000 19
Pickett

Nick
    $1000 30
Sarah McLachlan

Kerry
    $1000 25
Manzanar

Triple Stumper
    $1000 13
a wringer

Alli
    $1000 27
Nissan

Nick
    $1000 5
a Spam tam

Kerry

Scores at the first commercial break (after clue 15):

Kerry Alli Nick
$5,200 $600 $600

Scores at the end of the Jeopardy! Round:

Kerry Alli Nick
$8,400 $1,200 $4,800

Double Jeopardy! Round responses

FOREWORDS
CROSSWORDS
JEOPARDY! KEYWORDS
HOUSEHOLD WORDS
EDWARDS
"F" WORDS
    $400 7
(Alex: Referring to Emily Bronté.)

Wuthering Heights

Triple Stumper
    $400 6
TV Guide

Kerry
    $400 24
(Alex: Yes, the home of Einstein.)

Princeton

Kerry
    $400 9
a wet bar

Alli
    $400 18
Miami Vice

Kerry
    $400 1
Mount Fuji

Alli
    $1,600 8
Mark Twain

Kerry
    $800 17
USA Today

Nick
    $800 25
Paloma Picasso

Alli
    $800 10
a Murphy bed

Nick
    $800 19
Edward Norton

Nick
    $800 2
foundling

Kerry
    $1200 11
James Fenimore Cooper

Nick
    $1200 21
The Wall Street Journal

Kerry
    $1200 26
(Alex: ...on the Budapest, er, at Budapest.)

the Danube

Kerry
    $1200 14
a valance

Nick
    $1200 20
Edward Herrman

Triple Stumper
    $1200 3
Dianne Feinstein

Nick
    $1600 12
Les Miserables

Nick
    $1600 22
The New York Times

Alli
    $1600 27
George Sand

Alli
    $2,000 15
an armoire

Nick
    $1600 4
Farragut

Nick
    $2000 13
(Thomas) Hardy

Alli
    $2000 23
Simon & Schuster

Triple Stumper
    $2000 28
(Nick: Who is Benedict Arnold?)
...
(Alex: Benedict Arnold wound up in England. We did not hang him.)
[The end-of-round signal sounds.]

Major John André

Nick
Triple Stumper
    $2000 16
(Nick: What is a davenport?)

a chesterfield

KerryNick
    $2000 5
fife

Alli

Scores at the end of the Double Jeopardy! Round:

Kerry Alli Nick
$16,400 $10,000 $12,000

[wagering suggestions for these scores]

Final Jeopardy! Round responses

EUROPE
AlliWho are the Huegonots?
$9,900
NickWho were the Gauls?
$8,100
KerryWho are the Gauls?
$7,700
the Basques

Final scores:

Kerry Alli Nick
$8,700 $100 $3,900
5-day champion: $90,400 3rd place: $1,000 2nd place: $2,000

Game dynamics:

Coryat scores:

Kerry Alli Nick
$15,200 $10,000 $11,600
20 R
(including 2 DDs),
0 W
9 R,
2 W
21 R
(including 1 DD),
4 W

Combined Coryat: $36,800

[game clues] [game scores] [suggest correction]

Game tape date: 2004-11-03
The J! Archive is created by fans, for fans. Scraping, republication, monetization, and malicious use prohibited; this site may use cookies and collect identifying information. See terms. The Jeopardy! game show and all elements thereof, including but not limited to copyright and trademark thereto, are the property of Jeopardy Productions, Inc. and are protected under law. This website is not affiliated with, sponsored by, or operated by Jeopardy Productions, Inc. Join the discussion at JBoard.tv.